Sewers for adoption (Record no. 107822)
[ view plain ]
| 000 -LEADER | |
|---|---|
| fixed length control field | 01525cam a22002775a 4500 |
| 001 - CONTROL NUMBER | |
| control field | L142007 |
| 008 - FIXED-LENGTH DATA ELEMENTS--GENERAL INFORMATION | |
| fixed length control field | 080121s2006 xxk f 000 0 eng d |
| 020 ## - INTERNATIONAL STANDARD BOOK NUMBER | |
| International Standard Book Number | 9781898920571 |
| 035 ## - SYSTEM CONTROL NUMBER | |
| System control number | (Sirsi) u142007 |
| 041 0# - LANGUAGE CODE | |
| Language code of text/sound track or separate title | eng |
| 050 04 - LIBRARY OF CONGRESS CALL NUMBER | |
| Classification number | 628.21 $2 18 |
| 110 2# - MAIN ENTRY--CORPORATE NAME | |
| Corporate name or jurisdiction name as entry element | WRc |
| 9 (RLIN) | 4743 |
| 245 00 - TITLE STATEMENT | |
| Title | Sewers for adoption |
| Remainder of title | a design and construction guide for developers |
| 250 ## - EDITION STATEMENT | |
| Edition statement | 6th ed. |
| 260 ## - PUBLICATION, DISTRIBUTION, ETC. | |
| Place of publication, distribution, etc. | Swindon |
| Name of publisher, distributor, etc. | WRc |
| Date of publication, distribution, etc. | 2006 |
| 300 ## - PHYSICAL DESCRIPTION | |
| Extent | vi, 182p. |
| Dimensions | 30cm. |
| 350 ## - PRICE (NR) (BK AM CF MU VM SE) [OBSOLETE] | |
| Price | 29.58 |
| 505 2# - FORMATTED CONTENTS NOTE | |
| Formatted contents note | General -- Design -- Sewers -- Pumping stations -- Lateral drains -- M & E specification for small pumping stations -- Pump specification -- Motor specification -- Electrical specification -- Valve specification -- M & E specification for micro pumping stations -- Pump specification -- Motor specification -- Electrical specification -- Valve specification -- Civil engineering specification -- Model agreement under section 104 of the Water Industry Act 1991 -- Appendices |
| 520 ## - SUMMARY, ETC. | |
| Summary, etc. | A guide for developers undertaking new development which involves the planning, design and construction of foul and surface water gravity sewers, lateral drains and pumping stations which are intended for adoption under an agreement under the Water Industry Act 1991 S104, as amended by the Water Act 2003. |
| 521 ## - TARGET AUDIENCE NOTE | |
| Target audience note | Advanced |
| 650 24 - SUBJECT ADDED ENTRY--TOPICAL TERM | |
| Topical term or geographic name entry element | WATER INDUSTRY ACT 1991 S104 |
| 650 24 - SUBJECT ADDED ENTRY--TOPICAL TERM | |
| Topical term or geographic name entry element | WATER ACT 2003 |
| 651 #4 - SUBJECT ADDED ENTRY--GEOGRAPHIC NAME | |
| Geographic name | England and Wales |
| Chronological subdivision | 1543- |
| 690 ## - LOCAL SUBJECT ADDED ENTRY--TOPICAL TERM (OCLC, RLIN) | |
| Topical term or geographic name as entry element | ENVIRONMENTAL AND LAND CONSULTANCY-WATER RESOURCE MANAGEMENT-DRAINAGE |
| 942 ## - ADDED ENTRY ELEMENTS (KOHA) | |
| Suppress in OPAC | 0 |
| Withdrawn status | Lost status | Source of classification or shelving scheme | Damaged status | Not for loan | Home library | Current library | Shelving location | Date acquired | Cost, normal purchase price | Total Checkouts | Full call number | Barcode | Date last seen | Date last checked out | Copy number | Cost, replacement price | Price effective from | Koha item type |
|---|---|---|---|---|---|---|---|---|---|---|---|---|---|---|---|---|---|---|
| Dewey Decimal Classification | London | London | Books | 19/02/2008 | 29.58 | 17 | F628.21 WRC | 30072637 | 06/08/2019 | 05/11/2009 | 1 | 29.58 | 06/08/2019 | Book |